000 00845nam a2200169 a 4500
008 110304s2008 ||||||||||||||||| || u
050 _aUN-ECA(02)
110 _aUnited Nations Economic Commission For Africa(UNECA)
245 1 0 _aAssessing regional integration in Africa 2008
260 _aAddis Ababa
_bUNITED NATIONS
_c2008
300 _axvi, 293p. :ill.
350 _a0.00
650 0 _aREGIONALISM--AFRICA: AFRICAN COOPERATION: AFRICA--ECONOMIC INTEGRATION
650 0 _aAFRICA--ECONOMIC CONDITIONS
995 _aSPECIAL COLLECTIONS
_D0.00
_e03004658
_FCBU-MAIN LIBRARY (Kitwe)
_H1
_I0.00
_jUN-ECA(02)2008/ 6A
_M1
_UAVAILABLE
_WMar 4, 2011
_y03004658
_ZInternational Publications
995 _aSPECIAL COLLECTIONS
_D0.00
_e03004662
_FCBU-MAIN LIBRARY (Kitwe)
_H1
_I0.00
_jUN-ECA(02)2008/ 6B
_M2
_UAVAILABLE
_WMar 4, 2011
_y03004662
_ZInternational Publications
999 _c84394
_d84394